[Event "CHN-chT (Women)"]
[Site "Qingdao"]
[Date "2024.04.04"]
[Round "3.3"]
[White "Yu, Xilei"]
[Black "Long, Siyu"]
[Result "0-1"]
[WhiteElo "1676"]
[BlackElo "1944"]
[PlyCount "98"]
[EventDate "2024.04.02"]
[EventType "team-swiss"]
[EventRounds "9"]
[EventCountry "CHN"]
[SourceTitle "CB16_2024"]
[SourceDate "2024.04.17"]
[SourceVersion "1"]
[SourceVersionDate "2024.04.17"]
[SourceQuality "1"]
[WhiteTeam "Heilongjiang (W)"]
[BlackTeam "Chengdu (W)"]
[WhiteTeamCountry "CHN"]
[BlackTeamCountry "CHN"]

1. e4 e5 2. Nf3 Nc6 3. Bb5 a6 4. Bxc6 dxc6 5. 0-0 Bg4 6. h3 Bxf3 7. Qxf3 Qf6 8. Qxf6 Nxf6 9. d3 Bc5 10. Nd2 0-0-0 11. Nf3 Nd7 12. Be3 Rde8 13. a4 a5 14. Rfb1 f6 15. Bxc5 Nxc5 16. b4 axb4 17. Rxb4 Kd7 18. Rc4 b6 19. Nd2 Ra8 20. Nb3 Nb7 21. d4 Nd6 22. Rb4 Ra7 23. a5 Rha8 24. dxe5 fxe5 25. Rba4 bxa5 26. f3 Nb7 27. Rd1+ Ke7 28. Rc4 a4 29. Nc5 Nxc5 30. Rxc5 a3 31. Rc3 a2 32. Ra1 Rb8 33. Rb3 Rxb3 34. cxb3 Kd6 35. b4 c5 36. b5 c4 37. Kf2 Kc5 38. Ke3 Kb4 39. Kd2 Kb3 40. Kc1 c3 41. g3 Ra4 42. h4 c2 43. Kd2 Kb2 44. Rh1 a1Q 45. Rxa1 Rxa1 46. f4 c1Q+ 47. Ke2 Qf1+ 48. Ke3 Ra3+ 49. Kd2 Rd3# 0-1

[Event "Biel op-B 56th"]
[Site "Biel"]
[Date "2023.07.25"]
[Round "8"]
[White "Long, Siyu"]
[Black "Vihan, Shourya"]
[Result "0-1"]
[WhiteElo "1805"]
[BlackElo "1952"]
[PlyCount "112"]
[EventDate "2023.07.17"]
[EventType "swiss"]
[EventRounds "9"]
[EventCountry "SUI"]
[SourceTitle "EXT 2024"]
[Source "ChessBase"]
[SourceDate "2023.10.10"]
[SourceVersion "1"]
[SourceVersionDate "2023.10.10"]
[SourceQuality "1"]

1. e4 c5 2. Nf3 e6 3. d4 cxd4 4. Nxd4 Nf6 5. Nc3 Nc6 6. g3 Bb4 7. Bg2 d5 8. exd5 Nxd5 9. 0-0 Bxc3 10. Nxc6 bxc6 11. bxc3 Ba6 12. Re1 0-0 13. Ba3 Re8 14. Qd4 Qa5 15. Bb2 c5 16. Qh4 Rab8 17. c4 Ne7 18. Be5 Ng6 19. Qh5 Rbc8 20. Bf1 Red8 21. Bd3 Rd7 22. Re4 Nxe5 23. Rxe5 g6 24. Qe2 Rd4 25. Re4 Kg7 26. h4 Rcd8 27. a3 Qc3 28. Rb1 Rxe4 29. Qxe4 Qd4 30. Qe2 e5 31. Re1 Re8 32. Qf3 Bxc4 33. Bxc4 Qxc4 34. Qe3 Qd4 35. Qe2 e4 36. Qb5 Re6 37. Qe2 h5 38. c4 Qd3 39. Qb2+ Qd4 40. Qc1 Rf6 41. Qc2 Qd3 42. Qc1 Rf3 43. a4 Qd4 44. Re3 Rxe3 45. fxe3 Qd3 46. a5 Kf6 47. Kf2 Kf5 48. g4+ hxg4 49. Qb2 g3+ 50. Kxg3 Qxe3+ 51. Kg2 Qf3+ 52. Kh2 e3 53. Qb5 Kg4 54. Qd7+ Kxh4 55. a6 Qg3+ 56. Kh1 Qh3+ 0-1

[Event "CHN-chT (Women)"]
[Site "Hangzhou"]
[Date "2023.05.25"]
[Round "7.2"]
[White "Ning, Duan"]
[Black "Long, Siyu"]
[Result "0-1"]
[WhiteElo "1498"]
[BlackElo "1724"]
[PlyCount "70"]
[EventDate "2023.05.19"]
[EventType "team-swiss"]
[EventRounds "9"]
[EventCountry "CHN"]
[SourceTitle "CBM 214 Extra"]
[Source "ChessBase"]
[SourceDate "2023.07.31"]
[SourceVersion "1"]
[SourceVersionDate "2023.07.31"]
[SourceQuality "1"]
[WhiteTeam "Guangdong (W)"]
[BlackTeam "Hainan (W)"]
[WhiteTeamCountry "CHN"]
[BlackTeamCountry "CHN"]

1. d4 d5 2. Nf3 Nf6 3. Bf4 e6 4. e3 Bd6 5. Nbd2 Bxf4 6. exf4 0-0 7. Bd3 b6 8. c3 c5 9. Ne5 Ba6 10. Bc2 Qd6 11. h4 cxd4 12. g4 dxc3 13. bxc3 Nfd7 14. Nxd7 Nxd7 15. Qf3 Rac8 16. h5 Rc7 17. Rb1 Rfc8 18. Rb3 Nc5 19. Rb4 Nd3+ 20. Bxd3 Bxd3 21. Qxd3 Rxc3 22. Ne4 Qxb4 23. Nxc3 Rxc3 24. Qd2 Qe4+ 25. Kf1 Qxh1+ 26. Ke2 Qe4+ 27. Kf1 Rh3 28. Qe3 Rxe3 29. fxe3 Qxe3 30. f5 d4 31. Kg2 d3 32. fxe6 fxe6 33. Kh2 d2 34. Kg2 d1Q 35. h6 Qdg1# 0-1

[Event "CHN-chT (Women)"]
[Site "Hangzhou"]
[Date "2023.05.24"]
[Round "6.2"]
[White "Long, Siyu"]
[Black "Zhang, Xiaowen"]
[Result "1/2-1/2"]
[WhiteElo "1724"]
[BlackElo "2268"]
[PlyCount "62"]
[EventDate "2023.05.19"]
[EventType "team-swiss"]
[EventRounds "9"]
[EventCountry "CHN"]
[SourceTitle "CBM 214 Extra"]
[Source "ChessBase"]
[SourceDate "2023.07.31"]
[SourceVersion "1"]
[SourceVersionDate "2023.07.31"]
[SourceQuality "1"]
[WhiteTeam "Hainan (W)"]
[BlackTeam "Shanghai (W)"]
[WhiteTeamCountry "CHN"]
[BlackTeamCountry "CHN"]

1. e4 c6 2. d4 d5 3. exd5 cxd5 4. Nf3 Nc6 5. Ne5 e6 6. c3 Nxe5 7. dxe5 Ne7 8. Bb5+ Bd7 9. Bxd7+ Qxd7 10. Be3 Nf5 11. Qd3 Nxe3 12. Qxe3 Qb5 13. Qe2 Qb6 14. Qc2 Qa6 15. Nd2 Be7 16. Nf3 Rc8 17. Qe2 Qc4 18. Nd4 0-0 19. Qxc4 Rxc4 20. Ke2 Rfc8 21. Rhd1 Bc5 22. Rd2 Bxd4 23. cxd4 g5 24. h4 h6 25. hxg5 hxg5 26. Rh1 Kg7 27. g3 Kg6 28. f3 Rc1 29. Rxc1 Rxc1 30. Ke3 Re1+ 31. Re2 Rc1 1/2-1/2

[Event "CHN-chT (Women)"]
[Site "Hangzhou"]
[Date "2023.05.23"]
[Round "5.2"]
[White "Long, Siyu"]
[Black "Pian, Junyao"]
[Result "1/2-1/2"]
[WhiteElo "1724"]
[BlackElo "1484"]
[PlyCount "113"]
[EventDate "2023.05.19"]
[EventType "team-swiss"]
[EventRounds "9"]
[EventCountry "CHN"]
[SourceTitle "CBM 214 Extra"]
[Source "ChessBase"]
[SourceDate "2023.07.31"]
[SourceVersion "1"]
[SourceVersionDate "2023.07.31"]
[SourceQuality "1"]
[WhiteTeam "Hainan (W)"]
[BlackTeam "Heilongjiang (W)"]
[WhiteTeamCountry "CHN"]
[BlackTeamCountry "CHN"]

1. e4 c5 2. Nf3 d6 3. d4 cxd4 4. Nxd4 Nf6 5. Nc3 g6 6. Be3 Bg7 7. f3 0-0 8. Qd2 Nc6 9. Bc4 Bd7 10. 0-0-0 Rc8 11. Nxc6 Bxc6 12. Bb3 b5 13. Bxa7 Qa5 14. Bd4 b4 15. Nd5 Nxd5 16. Bxg7 Kxg7 17. exd5 Ba4 18. Qd3 Ra8 19. Rhe1 Ra7 20. Re4 Rc8 21. Qd4+ f6 22. Qxb4 Bxb3 23. Qxb3 Rac7 24. Re2 Qa6 25. Rde1 Kf7 26. a3 Rb7 27. Qe3 Qc4 28. c3 Rcc7 29. Qe4 Qa2 30. Rc2 Rb3 31. Qd4 Rcb7 32. c4 Qa1+ 33. Kd2 Qa2 34. Rec1 Rxb2 35. Qe3 Qxc4 36. Qe4 Qc5 37. a4 Qf2+ 38. Qe2 Qd4+ 39. Qd3 Qxa4 40. Ke1 Qf4 41. g3 Qe5+ 42. Kf2 Qh5 43. Kg2 Qg5 44. f4 Qg4 45. h3 Qc8 46. Qe2 Rc7 47. Rxb2 Rxc1 48. Ra2 Qf5 49. Rd2 Rc5 50. Qf3 Qb1 51. Qe3 Rc2 52. Re2 Rxe2+ 53. Qxe2 Qf5 54. Qc4 Qb1 55. Qe2 Qf5 56. Qc4 h5 57. h4 1/2-1/2

[Event "CHN-ch sf (Women)"]
[Site "Hefei"]
[Date "2023.04.27"]
[Round "9"]
[White "Long, Siyu"]
[Black "Zhao, Xinghan"]
[Result "1-0"]
[WhiteElo "1709"]
[BlackElo "1431"]
[PlyCount "107"]
[EventDate "2023.04.23"]
[EventType "swiss"]
[EventRounds "11"]
[EventCountry "CHN"]
[SourceTitle "CBM 214 Extra"]
[Source "ChessBase"]
[SourceDate "2023.07.31"]
[SourceVersion "1"]
[SourceVersionDate "2023.07.31"]
[SourceQuality "1"]

1. e4 c5 2. Nf3 d6 3. d4 cxd4 4. Nxd4 Nf6 5. Nc3 a6 6. Be3 e5 7. Nf3 Be7 8. Bc4 0-0 9. 0-0 Be6 10. Bb3 Nc6 11. Bg5 Na5 12. Bxf6 Bxf6 13. Nd5 Bg5 14. Qd3 Rc8 15. Rad1 Kh8 16. Ne3 Nxb3 17. Nxg5 Qxg5 18. axb3 Rc6 19. c4 g6 20. Qc3 Kg8 21. Qb4 Qe7 22. f4 exf4 23. Rxf4 Qc7 24. Rdf1 b5 25. Qc3 bxc4 26. bxc4 Bxc4 27. Ng4 f6 28. Nxf6+ Rxf6 29. Qxf6 Qc8 30. Re1 Bb3 31. h3 Qe8 32. Qd4 Qe5 33. Qxe5 dxe5 34. Rf3 Bc2 35. Ra3 Kf7 36. Rc1 Kf6 37. Kf2 Kg5 38. Kg3 h5 39. h4+ Kh6 40. Ra5 Kg7 41. Rxe5 Bxe4 42. Rxc6 Bxc6 43. Re6 Bb5 44. Kf4 Kh6 45. b4 Bc4 46. Rd6 Bf1 47. g3 Bb5 48. Ke5 Bc4 49. Kf6 Bb5 50. Rd8 Kh7 51. Kg5 Bc6 52. Rd6 Be4 53. Rxa6 Bd3 54. Ra5 1-0

[Event "CHN-ch sf (Women)"]
[Site "Hefei"]
[Date "2023.04.25"]
[Round "6"]
[White "Wang, Chuqiao"]
[Black "Long, Siyu"]
[Result "1/2-1/2"]
[WhiteElo "2022"]
[BlackElo "1709"]
[PlyCount "100"]
[EventDate "2023.04.23"]
[EventType "swiss"]
[EventRounds "11"]
[EventCountry "CHN"]
[SourceTitle "CBM 214 Extra"]
[Source "ChessBase"]
[SourceDate "2023.07.31"]
[SourceVersion "1"]
[SourceVersionDate "2023.07.31"]
[SourceQuality "1"]

1. d4 d5 2. c4 c6 3. Nf3 Nf6 4. e3 e6 5. b3 Nbd7 6. Nbd2 Bd6 7. Bb2 0-0 8. Bd3 Qe7 9. Qc2 h6 10. Ne5 Bc7 11. Ndf3 Nxe5 12. Nxe5 Ba5+ 13. Bc3 Bxc3+ 14. Qxc3 dxc4 15. Qxc4 Rd8 16. 0-0 Bd7 17. Rac1 Be8 18. Qc5 Qc7 19. b4 Nd7 20. Nxd7 Qxd7 21. a4 Qd5 22. Qxd5 cxd5 23. a5 Rdc8 24. f4 f5 25. Kf2 Kf8 26. h3 h5 27. g4 g6 28. gxf5 gxf5 29. h4 Ke7 30. Ke2 Kd8 31. Kd2 Bf7 32. Be2 Ke7 33. Rg1 Rxc1 34. Rxc1 Kd6 35. Rg1 Ke7 36. Rg5 Rh8 37. Kc3 Kf6 38. Kb3 Bg6 39. Ka4 Bf7 40. Kb5 Ke7 41. Ka4 Be8+ 42. Kb3 Bf7 43. Ka4 Be8+ 44. Bb5 Bf7 45. a6 b6 46. Bc6 Rc8 47. Kb5 Rc7 48. Rg1 Rc8 49. Rg7 Kf6 50. Rg5 Rc7 1/2-1/2

[Event "CHN-ch sf (Women)"]
[Site "Hefei"]
[Date "2023.04.24"]
[Round "3"]
[White "Long, Siyu"]
[Black "Guo, Tongfei"]
[Result "1/2-1/2"]
[WhiteElo "1709"]
[BlackElo "1193"]
[PlyCount "40"]
[EventDate "2023.04.23"]
[EventType "swiss"]
[EventRounds "11"]
[EventCountry "CHN"]
[SourceTitle "CBM 214 Extra"]
[Source "ChessBase"]
[SourceDate "2023.07.31"]
[SourceVersion "1"]
[SourceVersionDate "2023.07.31"]
[SourceQuality "1"]

1. e4 c5 2. Nf3 d6 3. d4 cxd4 4. Nxd4 Nf6 5. Nc3 g6 6. Be3 Bg7 7. f3 Nc6 8. Qd2 0-0 9. Bc4 Bd7 10. 0-0-0 Rc8 11. Bb3 Ne5 12. h4 h5 13. Bg5 Rc5 14. Rhe1 Qb8 15. Nd5 Nxd5 16. exd5 Re8 17. Kb1 a5 18. c3 a4 19. Bc2 Rxd5 20. f4 Nc4 1/2-1/2

[Event "CHN-ch sf (Women)"]
[Site "Hefei"]
[Date "2023.04.23"]
[Round "2"]
[White "Tian, Yiqing"]
[Black "Long, Siyu"]
[Result "0-1"]
[WhiteElo "1444"]
[BlackElo "1709"]
[PlyCount "90"]
[EventDate "2023.04.23"]
[EventType "swiss"]
[EventRounds "11"]
[EventCountry "CHN"]
[SourceTitle "CBM 214 Extra"]
[Source "ChessBase"]
[SourceDate "2023.07.31"]
[SourceVersion "1"]
[SourceVersionDate "2023.07.31"]
[SourceQuality "1"]

1. e4 e5 2. Nf3 Nc6 3. Bb5 a6 4. Ba4 Nf6 5. Qe2 b5 6. Bb3 Bc5 7. c3 d6 8. h3 0-0 9. 0-0 Bb6 10. d3 h6 11. Be3 Bxe3 12. fxe3 Na5 13. Bc2 c5 14. Nbd2 Bb7 15. d4 Re8 16. d5 c4 17. Nh2 Bc8 18. Rf3 Nb7 19. Raf1 Nc5 20. g4 Ra7 21. Qg2 Nh7 22. Qg3 a5 23. Ra1 Ba6 24. a3 Rb7 25. Rff1 b4 26. Rfb1 Qc7 27. Nhf3 Reb8 28. Qe1 Nb3 29. Bxb3 bxc3 30. bxc3 cxb3 31. Rb2 Qxc3 32. Qc1 Qxe3+ 33. Kg2 Be2 34. Qc6 Rb6 35. Qc7 Bxf3+ 36. Nxf3 Qxe4 37. Rd1 Ng5 38. Qc3 a4 39. Rdd2 Qxf3+ 40. Qxf3 Nxf3 41. Kxf3 Rc8 42. Ke4 Rb5 43. h4 Rc4+ 44. Kf3 Rbc5 45. Rb1 Rf4+ 0-1

[Event "CHN-chTB"]
[Site "Hefei"]
[Date "2023.04.18"]
[Round "3"]
[White "Long, Siyu"]
[Black "Zhao, Yunqing"]
[Result "1-0"]
[WhiteElo "1709"]
[BlackElo "1616"]
[PlyCount "111"]
[EventDate "2023.04.17"]
[EventType "team-swiss"]
[EventRounds "9"]
[EventCountry "CHN"]
[SourceTitle "EXT 2024"]
[Source "ChessBase"]
[SourceDate "2023.10.10"]
[SourceVersion "1"]
[SourceVersionDate "2023.10.10"]
[SourceQuality "1"]
[WhiteTeam "Chongqing Qilin"]
[BlackTeam "Shenzhen Qiyu"]
[WhiteTeamCountry "CHN"]
[BlackTeamCountry "CHN"]

1. e4 c5 2. Nf3 e6 3. d4 cxd4 4. Nxd4 Nc6 5. Nc3 Qc7 6. g3 a6 7. Bg2 Nf6 8. 0-0 h5 9. Bg5 Nxd4 10. Qxd4 Bc5 11. Qd2 Ng4 12. Bf4 Ne5 13. h4 d6 14. Bxe5 dxe5 15. a4 b6 16. Rad1 Bb7 17. Bf3 f6 18. Qe2 g6 19. Kh2 Ke7 20. Qc4 Rac8 21. Qb3 Rhd8 22. Kg1 Rd4 23. Bg2 Rcd8 24. Rxd4 exd4 25. Ne2 e5 26. Nc1 Bc8 27. Qd3 Qc6 28. Qd2 Be6 29. b3 d3 30. Nxd3 Bd4 31. Nb4 Qc8 32. Nd5+ Bxd5 33. exd5 Kf7 34. c4 a5 35. Kh2 Qc5 36. f4 Be3 37. Qd3 exf4 38. gxf4 f5 39. Bh3 Kf6 40. Qc3+ Bd4 41. Qg3 Kf7 42. Bxf5 gxf5 43. Qg5 Re8 44. Qxh5+ Kf8 45. Qxf5+ Kg7 46. Rf3 Re2+ 47. Kh3 Re3 48. Rxe3 Bxe3 49. Kg4 Qd4 50. Qe5+ Kf7 51. Qxd4 Bxd4 52. Kf5 Ke7 53. Kg6 Bc3 54. h5 Bh8 55. Kh7 Bf6 56. Kg8 1-0

[Event "CHN-chB (Women)"]
[Site "Qiziwan"]
[Date "2023.02.03"]
[Round "9"]
[White "Wang, Shanshan"]
[Black "Long, Siyu"]
[Result "1-0"]
[WhiteElo "2075"]
[BlackElo "1632"]
[PlyCount "81"]
[EventDate "2023.01.30"]
[EventType "swiss"]
[EventRounds "11"]
[EventCountry "CHN"]
[SourceTitle "CBM 212 Extra"]
[Source "ChessBase"]
[SourceDate "2023.03.31"]
[SourceVersion "1"]
[SourceVersionDate "2023.03.31"]
[SourceQuality "1"]

1. e4 d5 2. exd5 Qxd5 3. Nc3 Qa5 4. d4 Nf6 5. Nf3 c6 6. Bc4 Bf5 7. Bd2 e6 8. Nd5 Qd8 9. Nxf6+ Qxf6 10. Qe2 Bd6 11. 0-0-0 Qe7 12. Ne5 h5 13. f3 Bxe5 14. dxe5 Nd7 15. a3 a5 16. h4 Qc5 17. g4 Bg6 18. Be3 Qe7 19. Bg5 f6 20. exf6 gxf6 21. Qxe6 Qxe6 22. Bxe6 Nc5 23. Bxf6 Rf8 24. Bg7 Nxe6 25. Bxf8 Nxf8 26. Rhe1+ Kf7 27. Re5 Kf6 28. Rde1 Rd8 29. g5+ Kg7 30. f4 Rd4 31. f5 Bf7 32. R1e4 Nd7 33. Re7 Rxe4 34. Rxe4 Kf8 35. f6 Kg8 36. Re7 Nf8 37. Rxb7 Ng6 38. a4 Nxh4 39. b4 Nf5 40. bxa5 Bc4 41. g6 1-0

[Event "CHN-chB (Women)"]
[Site "Qiziwan"]
[Date "2023.02.02"]
[Round "7"]
[White "Bai, Xue"]
[Black "Long, Siyu"]
[Result "0-1"]
[WhiteElo "2102"]
[BlackElo "1632"]
[PlyCount "80"]
[EventDate "2023.01.30"]
[EventType "swiss"]
[EventRounds "11"]
[EventCountry "CHN"]
[SourceTitle "CBM 212 Extra"]
[Source "ChessBase"]
[SourceDate "2023.03.31"]
[SourceVersion "1"]
[SourceVersionDate "2023.03.31"]
[SourceQuality "1"]

1. e4 e5 2. Nf3 Nc6 3. Bb5 a6 4. Ba4 Nf6 5. 0-0 Be7 6. Re1 b5 7. Bb3 d6 8. c3 0-0 9. h3 Bb7 10. d4 Re8 11. Nbd2 Bf8 12. a4 h6 13. d5 Nb8 14. Nh2 Nbd7 15. Ng4 Nxg4 16. Qxg4 Nf6 17. Qe2 c6 18. Qd3 Nd7 19. dxc6 Bxc6 20. Qf3 Qf6 21. Qe2 Nc5 22. axb5 Nxb3 23. Nxb3 axb5 24. Bd2 Qg6 25. Na5 Bd7 26. Kh2 f5 27. exf5 Qxf5 28. c4 bxc4 29. Qxc4+ Be6 30. Qe2 d5 31. b4 e4 32. Ra3 Bd7 33. Kg1 Rab8 34. Rb3 Rb5 35. Qe3 Reb8 36. Reb1 Be7 37. Qa7 Bd8 38. Ra3 e3 39. Rd1 Qxf2+ 40. Kh1 e2 0-1

[Event "CHN-chB (Women)"]
[Site "Hangzhou"]
[Date "2019.07.05"]
[Round "8"]
[White "Li, Yingxuan"]
[Black "Long, Siyu"]
[Result "1-0"]
[WhiteElo "1467"]
[BlackElo "1529"]
[PlyCount "115"]
[EventDate "2019.07.02"]
[EventType "swiss"]
[EventRounds "11"]
[EventCountry "CHN"]
[SourceTitle "CBM 191 Extra"]
[Source "ChessBase"]
[SourceDate "2019.09.30"]
[SourceVersion "1"]
[SourceVersionDate "2019.09.30"]
[SourceQuality "1"]

1. d4 d5 2. c4 c6 3. cxd5 cxd5 4. Bf4 Nc6 5. Nc3 Nf6 6. e3 e6 7. Bd3 Bd6 8. Bxd6 Qxd6 9. f4 a6 10. Nf3 b5 11. 0-0 Bb7 12. Rc1 Rc8 13. Qe2 0-0 14. Ne5 Nd7 15. Qh5 f5 16. a3 Na5 17. Rf3 Nxe5 18. fxe5 Qe7 19. Rff1 Nc4 20. Qe2 Qg5 21. Rf3 Rc7 22. Rc2 Qe7 23. Nd1 Rfc8 24. Rf1 a5 25. h3 a4 26. Rf2 b4 27. axb4 Qxb4 28. g4 fxg4 29. Qxg4 Qe7 30. Rf6 Re8 31. Rh6 g6 32. Bxg6 Qf8 33. Bf7+ Kh8 34. Rxh7+ Kxh7 35. Qh5+ Qh6 36. Qxh6+ Kxh6 37. Bxe8 Bc6 38. Bxc6 Rxc6 39. Rf2 Rb6 40. Kf1 Rb3 41. Rf6+ Kg7 42. Rxe6 Nxe3+ 43. Nxe3 Rxe3 44. Ra6 Rxh3 45. Rxa4 Rb3 46. Ra5 Rxb2 47. Rxd5 Kf7 48. Ke1 Ke6 49. Rd6+ Kf5 50. e6 Kf6 51. d5 Rb7 52. Kd2 Ke7 53. Ra6 Rb5 54. Ra7+ Kf6 55. Rd7 Rb8 56. e7 Re8 57. d6 Ke6 58. Rd8 1-0

[Event "CHN-chB (Women)"]
[Site "Hangzhou"]
[Date "2019.07.05"]
[Round "7"]
[White "Long, Siyu"]
[Black "Gao, Hanxue"]
[Result "1/2-1/2"]
[WhiteElo "1529"]
[BlackElo "1726"]
[PlyCount "61"]
[EventDate "2019.07.02"]
[EventType "swiss"]
[EventRounds "11"]
[EventCountry "CHN"]
[SourceTitle "CBM 191 Extra"]
[Source "ChessBase"]
[SourceDate "2019.09.30"]
[SourceVersion "1"]
[SourceVersionDate "2019.09.30"]
[SourceQuality "1"]

1. e4 c6 2. d4 d5 3. exd5 cxd5 4. Bd3 Nf6 5. Nf3 Bg4 6. c3 e6 7. h3 Bxf3 8. Qxf3 Bd6 9. Bf4 0-0 10. 0-0 Nc6 11. Re1 Bxf4 12. Qxf4 Qb8 13. Qxb8 Raxb8 14. Nd2 b5 15. a3 a5 16. Nf3 Nd7 17. Re2 Na7 18. a4 b4 19. c4 dxc4 20. Bxc4 Rbc8 21. b3 Nb6 22. Ne5 Nd5 23. Bxd5 exd5 24. Nd7 Rfd8 25. Nc5 Nc6 26. Nb7 Nxd4 27. Re7 Kf8 28. Re5 f6 29. Rh5 Rd7 30. Nxa5 Rc5 31. Nc4 1/2-1/2

[Event "CHN-chB (Women)"]
[Site "Hangzhou"]
[Date "2019.07.04"]
[Round "5"]
[White "Long, Siyu"]
[Black "Zou, Xinyi"]
[Result "1/2-1/2"]
[WhiteElo "1529"]
[BlackElo "1670"]
[PlyCount "66"]
[EventDate "2019.07.02"]
[EventType "swiss"]
[EventRounds "11"]
[EventCountry "CHN"]
[SourceTitle "CBM 191 Extra"]
[Source "ChessBase"]
[SourceDate "2019.09.30"]
[SourceVersion "1"]
[SourceVersionDate "2019.09.30"]
[SourceQuality "1"]

1. e4 c5 2. Nf3 d6 3. d4 cxd4 4. Nxd4 Nf6 5. Nc3 a6 6. Be2 e5 7. Nb3 Be7 8. Be3 0-0 9. 0-0 Be6 10. f4 b5 11. Bf3 Nbd7 12. Qd2 Nb6 13. Na5 Nc4 14. Nxc4 Bxc4 15. Rfd1 Qc7 16. a3 Rac8 17. Qf2 Be6 18. h3 exf4 19. Bxf4 Nd7 20. Nd5 Bxd5 21. Rxd5 Qxc2 22. Bxd6 Bxd6 23. Rxd6 Qxf2+ 24. Kxf2 Ne5 25. Rxa6 Rc2+ 26. Kg3 Rxb2 27. a4 bxa4 28. R6xa4 h6 29. R1a2 Rb3 30. Ra5 Nxf3 31. gxf3 Re8 32. Ra8 Rbb8 33. Rxb8 Rxb8 1/2-1/2

[Event "CHN-chB (Women)"]
[Site "Hangzhou"]
[Date "2019.07.03"]
[Round "3"]
[White "Long, Siyu"]
[Black "Xue, Yue"]
[Result "0-1"]
[WhiteElo "1529"]
[BlackElo "1671"]
[PlyCount "86"]
[EventDate "2019.07.02"]
[EventType "swiss"]
[EventRounds "11"]
[EventCountry "CHN"]
[SourceTitle "CBM 191 Extra"]
[Source "ChessBase"]
[SourceDate "2019.09.30"]
[SourceVersion "1"]
[SourceVersionDate "2019.09.30"]
[SourceQuality "1"]

1. e4 c5 2. Nf3 d6 3. d4 cxd4 4. Nxd4 Nf6 5. Nc3 Nc6 6. Be2 e6 7. Be3 a6 8. Qd2 Be7 9. f4 Qc7 10. Bf3 Bd7 11. Qf2 0-0 12. 0-0-0 Rab8 13. Qg3 b5 14. e5 Ne8 15. Rd2 Na5 16. Be4 Nc4 17. Re2 Nxe3 18. Qxe3 Qd8 19. Qh3 g6 20. g4 b4 21. Nd1 dxe5 22. fxe5 Bb5 23. Nxb5 Rxb5 24. Bd3 Rc5 25. Qg3 Bh4 26. Qh3 Nc7 27. Kb1 Nd5 28. Rf1 Bg5 29. Qg3 Nc3+ 30. bxc3 bxc3 31. Nxc3 Rxc3 32. Qf2 Qd5 33. Qb6 Rxd3 34. cxd3 Qxd3+ 35. Rc2 Qxf1+ 36. Kb2 Qd3 37. a3 Be3 38. Qb4 Bd4+ 39. Kc1 Bxe5 40. Qa5 Bf4+ 41. Kb2 Rb8+ 42. Ka2 Qxc2+ 43. Ka1 Rb1# 0-1

[Event "CHN-chB (Women)"]
[Site "Hangzhou"]
[Date "2019.??.??"]
[Round "1"]
[White "Long, Siyu"]
[Black "Xu, Yuze"]
[Result "0-1"]
[WhiteElo "1529"]
[BlackElo "2083"]
[PlyCount "62"]
[EventDate "2019.07.02"]
[EventType "swiss"]
[EventRounds "11"]
[EventCountry "CHN"]
[SourceTitle "CBM 191 Extra"]
[Source "ChessBase"]
[SourceDate "2019.09.30"]
[SourceVersion "1"]
[SourceVersionDate "2019.09.30"]
[SourceQuality "1"]

1. e4 c5 2. Nf3 Nc6 3. d4 cxd4 4. Nxd4 g6 5. Nc3 Bg7 6. Be3 Nf6 7. Be2 d5 8. Bb5 Bd7 9. exd5 Nxd4 10. Bxd7+ Qxd7 11. Bxd4 0-0 12. 0-0 b5 13. Qf3 b4 14. Bxf6 Bxf6 15. Ne4 Be5 16. c3 bxc3 17. bxc3 Rac8 18. Rac1 Rc4 19. Nd2 Rf4 20. Qd3 e6 21. Nf3 Bb8 22. c4 exd5 23. cxd5 Rf5 24. Rfd1 Rd8 25. g3 Qa4 26. Qc3 Qe4 27. Qa5 Rdxd5 28. Rxd5 Rxd5 29. Rc8+ Kg7 30. Qc3+ Be5 31. Nxe5 Rd1+ 0-1

[Event "Wch U10 Girls"]
[Site "Porto Carras"]
[Date "2015.11.01"]
[Round "7"]
[White "Long, Siyu"]
[Black "Zvereva, Margarita"]
[Result "0-1"]
[WhiteElo "1474"]
[BlackElo "1677"]
[PlyCount "118"]
[EventDate "2015.10.25"]
[EventType "swiss"]
[EventRounds "11"]
[EventCountry "GRE"]
[SourceTitle "CBM 169 Extra"]
[Source "ChessBase"]
[SourceDate "2015.12.18"]
[SourceVersion "1"]
[SourceVersionDate "2015.12.18"]
[SourceQuality "1"]

1. e4 c5 2. Nf3 e6 3. d4 cxd4 4. Nxd4 a6 5. a3 Qc7 6. Nc3 Nf6 7. Be2 b5 8. Be3 Bb7 9. f3 Bd6 10. Ndxb5 axb5 11. Nxb5 Qa5+ 12. b4 Bxb4+ 13. axb4 Qxa1 14. Nc7+ Kd8 15. Nxa8 Qxd1+ 16. Kxd1 Bxa8 17. Kd2 Kc7 18. Ra1 Bb7 19. b5 d6 20. Ra3 Nbd7 21. Rc3+ Kb8 22. Rd3 Nc5 23. Ra3 Nfd7 24. Kc3 Kc7 25. Kb4 Ra8 26. Rxa8 Bxa8 27. Bd4 e5 28. Be3 Kb6 29. Bc4 f6 30. Be6 Nf8 31. Bg8 h6 32. Bf7 Bb7 33. Bg8 Bc8 34. Bc4 Nfe6 35. Bd5 Nd4 36. Bxd4 exd4 37. Kc4 Bd7 38. Kxd4 Bxb5 39. c4 Bd7 40. g3 Nb3+ 41. Kc3 Nc5 42. Kd4 Ka5 43. Kc3 Ka4 44. Bf7 Ka3 45. Bd5 Na4+ 46. Kd4 Kb2 47. Kd3 Nc5+ 48. Kd2 Nb3+ 49. Kd3 Kc1 50. Ke2 Kc2 51. Bf7 Kc3 52. Ke3 Na5 53. Bg6 Nxc4+ 54. Kf4 Ne5 55. Bh7 Kd2 56. g4 g5+ 57. Kg3 Ke3 58. h3 Nxf3 59. Bg6 Bc6 0-1

[Event "Wch U10 Girls"]
[Site "Porto Carras"]
[Date "2015.10.29"]
[Round "5"]
[White "Kamalidenova, Meruert"]
[Black "Long, Siyu"]
[Result "1-0"]
[WhiteElo "1720"]
[BlackElo "1474"]
[PlyCount "73"]
[EventDate "2015.10.25"]
[EventType "swiss"]
[EventRounds "11"]
[EventCountry "GRE"]
[SourceTitle "CBM 169 Extra"]
[Source "ChessBase"]
[SourceDate "2015.12.18"]
[SourceVersion "1"]
[SourceVersionDate "2015.12.18"]
[SourceQuality "1"]

1. d4 d5 2. c4 c6 3. Nf3 Nf6 4. cxd5 cxd5 5. Nc3 e6 6. Bf4 Nc6 7. Ne5 Bd6 8. e3 0-0 9. Bd3 h6 10. 0-0 a6 11. Nxc6 bxc6 12. Bxd6 Qxd6 13. Na4 Nd7 14. Rc1 a5 15. Nc5 Nxc5 16. Rxc5 Bd7 17. Bc2 e5 18. Ba4 e4 19. b3 Qg6 20. Kh1 h5 21. h3 Rfe8 22. Qc2 Re6 23. Rc1 Rc8 24. Qd1 Rf6 25. R1c2 Qh6 26. Rxa5 g5 27. Rxd5 Bg4 28. hxg4 hxg4+ 29. Kg1 Kg7 30. Qxg4 cxd5 31. Rxc8 Rg6 32. Rd8 Qh7 33. Rxd5 Qh6 34. Rd7 Qh8 35. Qf5 Qf8 36. Qe5+ Kg8 37. Qe7 1-0

[Event "Wch U10 Girls"]
[Site "Porto Carras"]
[Date "2015.10.28"]
[Round "4"]
[White "Long, Siyu"]
[Black "Mungunzul, Bat Erdene"]
[Result "0-1"]
[WhiteElo "1474"]
[BlackElo "1731"]
[PlyCount "50"]
[EventDate "2015.10.25"]
[EventType "swiss"]
[EventRounds "11"]
[EventCountry "GRE"]
[SourceTitle "CBM 169 Extra"]
[Source "ChessBase"]
[SourceDate "2015.12.18"]
[SourceVersion "1"]
[SourceVersionDate "2015.12.18"]
[SourceQuality "1"]

1. e4 e5 2. Nf3 Nc6 3. Bc4 Bc5 4. d3 Nf6 5. Bg5 h6 6. Bh4 d6 7. Nc3 Be6 8. Bb3 g5 9. Bxe6 fxe6 10. Bg3 Qd7 11. Qd2 0-0-0 12. 0-0-0 a6 13. h3 Rdf8 14. Nh2 Nh5 15. a3 Nxg3 16. fxg3 Rf2 17. Qe1 Rxg2 18. Ng4 Nd4 19. Qf1 Rxc2+ 20. Kb1 Bxa3 21. bxa3 Rxc3 22. Ka2 Qa4 23. Rd2 Rc2+ 24. Rxc2 Qxc2+ 25. Ka1 Nb3# 0-1